000 00378nam a22001577a 4500
003 OSt
005 20260210144237.0
008 260210b |||||||| |||| 00| 0 eng d
020 _a9789364485401
040 _cIIMT UNIVERSITY
100 _aGOYANDKA, JAYDAYAL
245 _aSRIMADBHAGVAD GEETA
260 _aGORAKHPUR
_bGEETA PRESS
_cS. 2082
300 _a672
942 _2ddc
_c01
999 _c67019
_d67019